LEADER 01402nom a2200301 i 4500 001 991002955029707536 008 160728s2008 it 00 b ita 020 $a9788861372900 035 $ab14259977-39ule_inst 040 $aDip.to di Storia, Società e Studi sull'Uomo$bita 082 04$a372.6 082 04$a458 100 1 $aPontalti, Beatrice$0718210 245 10$aItaliano in gioco :$b44 giochi didattici per allenarsi con la lingua italiana /$cBeatrice Pontalti 260 $aGardolo, [Trento] :$bErickson software,$c[2008] 300 $a1 CD-ROM ;$c12 cm +$e1 guida (56 p. : ill. ; 24 cm) 500 $aRequisiti del sistema: 320 MB liberi su HD; risoluzione schermo 800x600 a 65000 colori; Windows XP: 800 Mhz o superiore; 128 MB RAM; Windows Vista: 1 Ghz o superiore; 1 GB RAM 500 $aTit. dell'etichetta 500 $aIn contenitore, 25 cm. 650 4$aLingua italiana$xDidattica$xScuole elementari 650 4$aEducazione$xImpiego [dei] Videogiochi 907 $a.b14259977$b09-10-18$c28-07-16 912 $a991002955029707536 945 $aLE023 372.6 PON 1 1 $g1$i2023000144787$lle023$op$pE46.00$q-$rn$so $t0$u1$v3$w1$x0$y.i15783017$z29-09-16 945 $aLE023 372.6 PON 1 1 CD$g1$lle023$op$pE0.00$q-$rn$ss $t0$u0$v0$w0$x0$y.i15783212$z03-10-16 996 $aItaliano in gioco$91392486 997 $aUNISALENTO 998 $ale023$b30-09-16$cm$do $e-$fita$git $h0$i0 LEADER 01820nam 2200445z- 450 001 9910346953303321 005 20210212 010 $a1000083165 035 $a(CKB)4920000000100989 035 $a(oapen)https://directory.doabooks.org/handle/20.500.12854/62669 035 $a(oapen)doab62669 035 $a(EXLCZ)994920000000100989 100 $a20202102d2018 |y 0 101 0 $aeng 135 $aurmn|---annan 181 $ctxt$2rdacontent 182 $cc$2rdamedia 183 $acr$2rdacarrier 200 00$aWhole-Body Affordances for Humanoid Robots: A Computational Approach 210 $cKIT Scientific Publishing$d2018 215 $a1 online resource (X, 245 p. p.) 225 1 $aKarlsruhe Series on Humanoid Robotics 311 08$a3-7315-0798-6 330 $aThe goal of this work is the development of a novel computational formalization of whole-body affordances which is suitable for the multimodal detection and validation of interaction possibilities in unknown environments. The hierarchical framework allows the consistent fusion of affordance-related evidence and can be utilized for realizing shared autonomous control of humanoid robots. The affordance formalization is evaluated in several experiments in simulation and on real humanoid robots. 517 $aWhole-Body Affordances for Humanoid Robots 610 $acognition 610 $ahumanoid robotics 610 $aHumanoide Robotik 610 $aKognition 610 $amanipulation 610 $aManipulation 610 $aperception 610 $aPerzeption 610 $arobotics 610 $aRobotik 700 $aKaiser$b Peter$4auth$0381099 906 $aBOOK 912 $a9910346953303321 996 $aWhole-Body Affordances for Humanoid Robots: A Computational Approach$93027664 997 $aUNINA